Catalog

Record Details

Catalog Search



Available copies

  • 3 of 3 copies available at LARL/NWRL Consortium.
  • 1 of 1 copy available at Lake Agassiz Regional Library. (Show preferred library)

Current holds

0 current holds with 3 total copies.

Show Only Available Copies
Location Call Number / Copy Notes Barcode Shelving Location Status Due Date
Mahnomen Public Library 921 TRE (Text) 33500013274394 Main Available -
Greenbush Public Library 921 TRE (Text) 35500006305260 Main Available -
Roseau Public Library 921 TRE (Text) 35500006305427 Main Available -

Record details

  • ISBN: 006224857X
  • ISBN: 9780062248572
  • Physical Description: 211 pages ; 22 cm
  • Edition: First edition.
  • Publisher: New York, NY : Ecco, an imprint of HarperCollinsPublishers, [2020]

Content descriptions

Formatted Contents Note:
Prologue -- Another country -- Terminus -- Soul ... Read More
Summary, etc.:
"A chillingly personal and exquisitely wrought ... Read More
At nineteen Trethewey's world turned upside down ... Read More
Subject: Trethewey, Natasha D., 1966-
Women poets, American > Biography.
Mothers and daughters > United States > Biography.
Family violence > United States.
BIOGRAPHY & AUTOBIOGRAPHY / Literary Figures.
BIOGRAPHY & AUTOBIOGRAPHY / Cultural, Ethnic & Regional / African American & Black.
TRUE CRIME / Murder / General.
Trethewey, Natasha D., 1966-
Family violence.
Mothers and daughters.
Women poets, American.
United States.
Genre: Autobiographies.
Autobiographies.
Biographies.
Autobiographies.
LDR 03415cam a2200553Ii 4500
001338123
003LARL_NWRL_CONSORTIUM
00520200812150415.0
008191101t20202020nyu 000 0aeng d
040 . ‡aYDX ‡beng ‡erda ‡cYDX ‡dBDX ‡dORX ‡dSSH ‡dOCLCQ ‡dOQX ‡dIH9 ‡dTCH ‡dILC ‡dNHP ‡dTDS ‡dOCLCF ‡dYU6
019 . ‡a1139504306
020 . ‡a006224857X ‡q(hardcover)
020 . ‡a9780062248572 ‡q(hardcover)
035 . ‡a(OCoLC)1125368285 ‡z(OCoLC)1139504306
037 . ‡bHarpercollins, 53 Glenmaura National Blvd Ste 300, Moosaic, PA, USA, 18507-2132 ‡nSAN 200-2086
08204. ‡a811/.54 ‡aB ‡223
1001 . ‡aTrethewey, Natasha D., ‡d1966- ‡eauthor.
24510. ‡aMemorial Drive : ‡ba daughter's memoir / ‡cNatasha Trethewey.
250 . ‡aFirst edition.
264 1. ‡aNew York, NY : ‡bEcco, an imprint of HarperCollinsPublishers, ‡c[2020]
264 4. ‡c©2020
300 . ‡a211 pages ; ‡c22 cm
336 . ‡atext ‡btxt ‡2rdacontent
337 . ‡aunmediated ‡bn ‡2rdamedia
338 . ‡avolume ‡bnc ‡2rdacarrier
5050 . ‡aPrologue -- Another country -- Terminus -- Soul train -- Loop -- Pardon -- You know -- Dear diary -- Accounting -- Clairvoyance -- Evidence: last words -- Hallelujah -- Disclosure -- Evidence: tape of recorded conversations, June 3 and 4, 1985 -- What the record shows -- June 5, 1985 -- Jettison -- Proximity -- Before knowing remembers.
520 . ‡a"A chillingly personal and exquisitely wrought memoir of a daughter reckoning with the brutal murder of her mother at the hands of her former stepfather, and the moving, intimate story of a poet coming into her own in the wake of a tragedy."--Dust jacket.
520 . ‡aAt nineteen Trethewey's world turned upside down when her former stepfather shot and killed her mother. Grieving and still new to adulthood, she confronted the twin pulls of life and death in the aftermath of unimaginable trauma. Here she explores the way this experience lastingly shaped the artist she became. Moving through her mother’s history in the deeply segregated South and through her own girlhood as a 'child of miscegenation' in Mississippi, Trethewey plumbs her sense of dislocation and displacement in the lead-up to the harrowing crime that took place on Memorial Drive in Atlanta in 1985. -- adapted from jacket
60010. ‡aTrethewey, Natasha D., ‡d1966-
650 0. ‡aWomen poets, American ‡vBiography.
650 0. ‡aMothers and daughters ‡zUnited States ‡vBiography.
650 0. ‡aFamily violence ‡zUnited States. ‡0(LARL_NWRL_CONSORTIUM)164973
650 7. ‡aBIOGRAPHY & AUTOBIOGRAPHY / Literary Figures. ‡2bisacsh
650 7. ‡aBIOGRAPHY & AUTOBIOGRAPHY / Cultural, Ethnic & Regional / African American & Black. ‡2bisacsh
650 7. ‡aTRUE CRIME / Murder / General. ‡2bisacsh
60017. ‡aTrethewey, Natasha D., ‡d1966- ‡2fast
650 7. ‡aFamily violence. ‡2fast ‡0(LARL_NWRL_CONSORTIUM)19960
650 7. ‡aMothers and daughters. ‡2fast ‡0(LARL_NWRL_CONSORTIUM)26128
650 7. ‡aWomen poets, American. ‡2fast ‡0(LARL_NWRL_CONSORTIUM)35557
651 7. ‡aUnited States. ‡2fast ‡0(LARL_NWRL_CONSORTIUM)178480
655 0. ‡aAutobiographies.
655 7. ‡aAutobiographies. ‡2fast
655 7. ‡aBiographies. ‡2fast
655 7. ‡aAutobiographies. ‡2lcgft
901 . ‡a338123 ‡bOCoLC ‡c338123 ‡tbiblio ‡soclc

Additional Resources